Gminy powiatu włocławskiego - Statystyki

Ogólne statystyki
  • Ten quiz został rozwiązany 82 razy
    66 od ostatniego zresetowania
  • Średni wynik to 8 z 13
Statystyki odpowiedzi
Odpowiedź % Poprawnych
Włocławek
89%
Kowal
84%
Kowal
84%
Brześć Kujawski
82%
Chodecz
73%
Lubraniec
73%
Choceń
67%
Lubień Kujawski
62%
Izbica Kujawska
56%
Baruchowo
44%
Fabianki
42%
Lubanie
40%
Boniewo
38%
Nie znaleziono quizów pasujących do podanych kryteriów
Rozkład punktacji
Procent ludzi z każdym wynikiem
Percentyl według liczby udzielonych odpowiedzi
Twoja historia wyników
Nie rozwiązałeś tego quizu od ostatniego zresetowania